Avengers Villains - Statistics

General Stats
  • This quiz has been taken 124 times
    123 since last reset
  • The average score is 7 of 11
Answer Stats
Hint Villain % Correct
An alien warlord from the planet Titan, he is regarded as one of the most powerful beings in the Marvel Universe Thanos
100%
The character, which is based on the Norse deity of the same name, is the Asgardian "God of Mischief", the adopted son of Odin and the brother of the superhero Thor. Loki
98%
He is a self-aware and highly intelligent robot (synthezoid) created by Hank Pym, who developed a grudge against him and the human race, and is in many ways a dark reflection of Pym. Ultron
95%
An extraordinary genius, an expert historical scholar, and a master physicist (specializing in time travel), engineer, and technician. Courtesy of his "time-ship", he has access to technology from any century, and he once claimed his ship alone could destroy the Moon. Kang the Conqueror
74%
He undergoes substantial mutagenic medical experimentation originally designed to increase his intelligence. While successful, the experiments result in him developing a freakishly overdeveloped head and a stunted body. M.O.D.O.K.
67%
He possesses photographic reflexes that allow him to mimic any fighting style, and is usually depicted as a mercenary hired by numerous criminal organizations to act as a training instructor. Taskmaster
63%
He is the 13th son in a long line of family villains. He would ultimately follow in his father's footsteps using his family's money and his own scientific know-how to reincarnate and lead the Masters of Evil. Baron Helmut Zemo
59%
An infinite-dimensional entity that was originally portrayed as the most powerful being in the Marvel Comics multiverse, that took human form to better understand the nature of human beings. Beyonder
38%
An artificial construct created by A.I.M., and courtesy of a shard of the Cosmic Cube artifact, the machine was capable of mimicking the powers and skills of numerous super beings. Super-Adaptoid
36%
He is a mad scientist wanting to make the perfect evolved human by mixing animal and human DNA together. Due to experimentation on his own genome, his highly enhanced brain, and cybernetic exoskeleton, he has demonstrated god-like powers High Evolutionary
34%
He was originally a normal man until the Badoon amputated the lower half of his body and grafted his upper body and nervous system onto a specialized computer module capable of siphoning energy from virtually any source. Korvac
25%
No matching quizzes found
Score Distribution
Percent of People with Each Score
Percentile by Number Answered
Your Score History
You have not taken this quiz since the last reset